=LDR 00000nam 2200000 4500 =001 INLIS000000001052435 =005 20240829102130 =035 ##$$a 0010-0824000253 =007 ta =008 240829################b##########1###### =020 ##$$a 978-89-6329-609-8 =082 ##$$a 028.55 =084 ##$$a 028.55 LEE k =100 #$$a Lee So-jeong =245 1#$$a Kemana perginya oksigen /$c Lee So-jeong =260 ##$$a Tolstoy Korea :$b Gyeonggi-do =300 ##$$a 31 hlm : $b ilus ; $c 21,5 x 26 cm =650 #4$$a Bacaan kanak-kanak =990 ##$$a 18241824